AFL Player Nicknames - Current - Statistics

General Stats
  • This quiz has been taken 210 times
    88 since last reset
  • The average score is 26 of 47
Answer Stats
Nickname Answer % Correct
Jezza Jeremy Cameron
95%
Tex Taylor Walker
93%
Danger Patrick Dangerfield
91%
2-Metre Peter Peter Wright
91%
Trac Christian Petracca
88%
Bont Marcus Bontempelli
88%
Pendles Scott Pendlebury
86%
Kozzy Kysaiah Pickett
85%
Bazlenka Bailey Smith
84%
Flyin Ryan Liam Ryan
80%
Libba Tom Liberatore
80%
Harley Charlie Cameron
78%
Lizard Nick Blakey
78%
Nank the Tank Toby Nankervis
78%
Worpedo James Worpel
74%
Lobbster Rory Lobb
72%
Dunks Josh Dunkley
70%
Astronaught Aaron Naughton
69%
CJ Changkuoth Jiath
69%
Clarry Clayton Oliver
69%
Goldy Todd Goldstein
69%
American Pie Mason Cox
68%
The Wizard Nick Watson
68%
Souv Nick Larkey
62%
Thilthy Riley Thilthorpe
57%
Meatball Dion Prestia
54%
The Package Jake Stringer
54%
Sonny Michael Walters
46%
Kiddy Keidean Coleman
43%
Rash Josh Rachele
42%
Titch Tom Mitchell
41%
Cogs Stephen Coniglio
38%
JSOS Jack Silvagni
36%
Mowies Matthew Owies
36%
JJ Jason Johannisen
35%
Red Dog Mason Redman
35%
Checkers Brody Mihocek
30%
The Big Cohuna Josh Treacy
30%
The Pelican Lewis Melican
27%
Billy Jamie Elliott
26%
Flea Cody Weightman
16%
Milkshake Jake Melksham
16%
Brackets Mitch McGovern
16%
Snags Jack Higgins
14%
Bam Bam Matthew Kennedy
12%
Cowboy Lachie Neale
8%
Noodles Nic Newman
3%
No matching quizzes found
Score Distribution
Percent of People with Each Score
Percentile by Number Answered
Your Score History
You have not taken this quiz since the last reset